Équipes des Dresseurs Pokémon (Unys) - Statistiques

Statistiques générales
  • Ce quiz a été pris 101 fois
  • Le résultat moyen est 531 sur 728
Statistiques - réponses
Lieux Dresseurs Réponse % Correct
Nettoyeur Ewan Ponchiot
100%
Ponchiot
100%
Fillette Mariko Ponchiot
100%
Ponchiot
100%
Petite Babeth Ponchiot
100%
Z.I. d'Ondes-sur-Mer Gamin Mike Ponchiot
100%
Ponchiot
100%
Nettoyeur Lambert Ponchiot
100%
Scobolide
100%
Basketteur Bobby Scobolide
100%
Cycliste Manuella Scobolide
100%
Pkmn Ranger Renaud Scobolide
100%
Sbire Plasma Scobolide
100%
Scobolide
100%
Employé Ridge Poichigeon
98%
Gamin Troïlos Poichigeon
98%
Poichigeon
98%
Ponchien
98%
Ponchien
98%
Agent Nelson Ponchien
98%
Ponchien
98%
Richard Stanley Ponchien
98%
Basketteur Sean Ponchien
98%
Ponchien
98%
Dresseur Carmine Ponchien
98%
Randonneur Loïc Ponchien
98%
Guitariste Lou Venipatte
98%
Loubard Brutus Venipatte
98%
Scientifique Gabrielle Venipatte
98%
Pavonnay Rival Matis Vipélierre
98%
Ranch d'Amaillide Rival Matis Vipélierre
98%
Amaillide Élève Julius Feuillajou
96%
Élève Sari Feuillajou
96%
Bâtiment GAME FREAK GAME FREAK Morimoto Feuillajou
96%
Grand Stade Baseballeur Emil Feuillajou
96%
ou Flamajou
96%
ou Flamajou
96%
Flamajou
96%
Flamajou
96%
Flamajou
96%
ou Flotajou
96%
ou Flotajou
96%
Flotajou
96%
Flotajou
96%
Pompom Girls Raya & Meg Flotajou
96%
ou Gruikui
96%
ou Gruikui
96%
ou Moustillon
96%
ou Moustillon
96%
Fillette Beryl Chacripan
95%
Fillette Aurélia Chacripan
95%
Route 20 (retour) Sbire Plasma Chacripan
95%
Baseballeur Randy Colombeau
95%
Footballeur Tony Colombeau
95%
Cycliste Larry Colombeau
95%
Bois des Illusions Éleveur Lewis Colombeau
95%
Poké World Tournament Rival Matis Colombeau
95%
Colombeau
95%
Déflaisan
95%
Déflaisan
95%
Pilote Tariq Déflaisan
95%
Déflaisan
95%
Cycliste Sylviane Déflaisan
95%
Vaguelone Rival Matis Déflaisan
95%
Déflaisan
95%
Rival Matis Déflaisan
95%
Larveyette
95%
Infirmier Pablo Larveyette
95%
Arène de Volucité Clown Jagoba Larveyette
95%
Larveyette
95%
Clown Garry Larveyette
95%
Champion Tcheren Mastouffe
95%
Pkmn Ranger Juste Mastouffe
95%
Topdresseur Alexia Mastouffe
95%
Gamin Yves Mastouffe
95%
Route 20 Gamin Morgan Ratentif
95%
Gamin Wilhem Ratentif
95%
Gamin Vic Ratentif
95%
Arène de Pavonnay Gamin Osric Ratentif
95%
Ratentif
95%
Champion Tcheren Ratentif
95%
Ouvrier Javier Ratentif
95%
Gamin Yuki Ratentif
95%
Ondes-sur-Mer Sbire Plasma Ratentif
95%
Batracné
93%
Supporters Jim & Joe Brutapode
93%
Brutapode
93%
Brutapode
93%
Brutapode
93%
Sbire Plasma Brutapode
93%
Brutapode
93%
Topdresseur Valentine Brutapode
93%
ou Grotichon
93%
Mademoiselle Leena Léopardus
93%
Footballeur Roberto Léopardus
93%
Randonneuse Hajer Léopardus
93%
Léopardus
93%
Léopardus
93%
Serveur Ulrik Léopardus
93%
Léopardus
93%
Léopardus
93%
Conseil 4 Pieris Léopardus
93%
Lianaja
93%
Manternel
93%
Manternel
93%
Infirmière Yukiko Manternel
93%
Infirmier Kiritz Manternel
93%
Manternel
93%
Tranchodon
93%
Tranchodon
93%
ou Clamiral
91%
ou Clamiral
91%
Coupenotte
91%
Coupenotte
91%
Vénérable Danika Coupenotte
91%
Vénérable Jamel Coupenotte
91%
Couverdure
91%
Couverdure
91%
Champion Artie Couverdure
91%
Basketteur Anthony Couverdure
91%
Crapustule
91%
Crocorible
91%
Sbire Plasma Crocorible
91%
Sbire Plasma Crocorible
91%
Crocorible
91%
Crocorible
91%
ou Flamoutan
91%
ou Flamoutan
91%
Flamoutan
91%
ou Flamoutan
91%
Arène de Janusia Vénérable Marko Incisache
91%
Vénérable Malo Incisache
91%
Vénérable Brett Incisache
91%
Incisache
91%
Incisache
91%
Vénérable Sammy Incisache
91%
Topdresseur Carol Incisache
91%
Majaspic
91%
Majaspic
91%
Miradar
91%
Randonneur Yvan Miradar
91%
Miradar
91%
Miradar
91%
Randonneuse Albe Miradar
91%
Pkmn Ranger Mattéo Miradar
91%
Janusia Sbire Plasma Miradar
91%
Frégate Plasma Sbire Plasma Miradar
91%
Miradar
91%
Miradar
91%
Miradar
91%
ou Roitiflam
91%
ou Roitiflam
91%
Petit Terrain Tenniswoman Jehane Zébibron
91%
Ancienne Arène Richard Roland Zébibron
91%
Zébibron
91%
Canon Ampéra Zébibron
91%
Supporters Léo & Vic Zéblitz
91%
Zéblitz
91%
Zéblitz
91%
Guitariste Jade Zéblitz
91%
Mont Renenvers (ext.) Cycliste Sébastien Zéblitz
91%
Zéblitz
91%
Zéblitz
91%
Champion Bardane Escroco
89%
Guitariste Brigitte Escroco
89%
Escroco
89%
Escroco
89%
Loubard Bernard Escroco
89%
Sbire Plasma Escroco
89%
Escroco
89%
Sbire Plasma Escroco
89%
ou Flotoutan
89%
ou Flotoutan
89%
Flotoutan
89%
ou Flotoutan
89%
Route 23 Combattante Körin Judokrak
89%
Judokrak
89%
Combattante Tina Judokrak
89%
Judokrak
89%
Karatéka Paulus Karaclée
89%
Karaclée
89%
Karaclée
89%
Ligue Pokémon Conseil 4 Kunz Karaclée
89%
ou Mateloutre
89%
Mesmérella
89%
Footballeur Raynaldo Nodulithe
89%
Nodulithe
89%
Nodulithe
89%
Montagnard Kévin Nodulithe
89%
Karatéka Max Nodulithe
89%
Nodulithe
89%
Nodulithe
89%
Nodulithe
89%
Rhinolove
89%
Kinésiste Conan Rhinolove
89%
Arène de Parsemille Pilote Connor Rhinolove
89%
Rhinolove
89%
Champion Carolina Rhinolove
89%
Infirmier Alberto Rhinolove
89%
Topdresseur Cherry Rhinolove
89%
Symbios
89%
Pkmn Ranger Hiro Tritonde
89%
Ouvrier Aristide Charpenti
88%
Charpenti
88%
Charpenti
88%
Baseballeur Marco Charpenti
88%
Quarterback Milo Charpenti
88%
Charpenti
88%
Quarterback Dan Charpenti
88%
Charpenti
88%
Feuiloutan
88%
Feuiloutan
88%
Route 11 (cascade) Pkmn Ranger Cléo Feuiloutan
88%
Feuiloutan
88%
Élève Hélène Funécire
88%
Lugulabre
88%
Mascaïman
88%
Mascaïman
88%
Randonneur Bozek Mascaïman
88%
Randonneur Basile Mascaïman
88%
Mascaïman
88%
Mascaïman
88%
Mascaïman
88%
Ouvrier Tom Mascaïman
88%
Ouvrier Gabino Mascaïman
88%
Mélancolux
88%
Kinésiste Satsuki Mélancolux
88%
Kinésiste Law Nucléos
88%
Infirmier Théodore Nucléos
88%
Kinésiste Montserrat Scrutella
88%
Scrutella
88%
Sidérella
88%
Bétochef
86%
Bétochef
86%
Pompom Girls Mily & Mia Couaneton
86%
Couaneton
86%
Pilote Sigmund Couaneton
86%
Route 7 Éleveur Ramzi Couaneton
86%
Fillette Laura Couaneton
86%
Couaneton
86%
Château Enfoui Kinésiste Élias Cryptéro
86%
Peintre Harpo Cryptéro
86%
Cryptéro
86%
Cryptéro
86%
Pilote Servando Cryptéro
86%
Cryptéro
86%
Cryptéro
86%
Vénérable Katarina Cryptéro
86%
Cryptéro
86%
Diamat
86%
Topdresseur René Diamat
86%
Champion Inézia Émolga
86%
Pkmn Ranger Ladislas Émolga
86%
Grotte Électrolithe Guitariste Éléna Émolga
86%
Émolga
86%
Topdresseur Taiki Émolga
86%
Chef Métro Chamsin Géolithe
86%
Grotte Parsemille Montagnard Thierry Géolithe
86%
Géolithe
86%
Montagnard Klinskopf Géolithe
86%
Montagnard Gildas Géolithe
86%
Gigalithe
86%
Vénérable Romuald Gigalithe
86%
Lakmécygne
86%
Lakmécygne
86%
Topdresseur Célia Lakmécygne
86%
Topdresseur Daniel Lakmécygne
86%
Méios
86%
Sbire Plasma Solochi
86%
Solochi
86%
Trioxhydre
86%
Maître Iris Trioxhydre
86%
Bargantua
84%
Pêcheur Anselme Bargantua
84%
Nageur Matthew Bargantua
84%
Bargantua
84%
Pêcheur Kleber Bargantua
84%
Pêcheur Aaron Bargantua
84%
Topdresseur Enzo Bargantua
84%
Bargantua
84%
Fillette Tekla Chovsourir
84%
Randonneuse Rachel Chovsourir
84%
Kinésiste Alexis Chovsourir
84%
Crabicoque
84%
Clown Jenaro Crabicoque
84%
Crabicoque
84%
Randonneur Luka Crabicoque
84%
Quarterback Joseph Crabicoque
84%
Drakkarmin
84%
Drakkarmin
84%
Drakkarmin
84%
Drakkarmin
84%
Champion Watson Drakkarmin
84%
Drakkarmin
84%
Entrelasque Duo Plasma Sbire & Lilien Hexagel
84%
Team Plasma Lilien Hexagel
84%
Hexagel
84%
Duo Sbire & Lilien Hexagel
84%
Hexagel
84%
Team Plasma Lilien Hexagel
84%
Hexagel
84%
Kinésiste Sélina Munna
84%
Tour des Cieux Kinésiste Cahy Mushana
84%
Mushana
84%
Conseil 4 Percila Mushana
84%
Méanville Chef Métro Chammal Ouvrifier
84%
Mont Renenvers (int.) Montagnard Hohneck Ouvrifier
84%
Karatéka Pietro Ouvrifier
84%
Ouvrifier
84%
Combattante Nao Ouvrifier
84%
Route 13 Karatéka Bigrond Ouvrifier
84%
Route 12 Combattante Natsu Ouvrifier
84%
Karatéka Richie Ouvrifier
84%
Ouvrifier
84%
Combattante Flavie Ouvrifier
84%
Vénérable Alain Polagriffe
84%
Pokéfan Odile Polarhume
84%
Team Plasma Ombre Scalpion
84%
Scalpion
84%
Route 9 Motard Gabriel Scalpion
84%
Sbire Plasma Scalpion
84%
Scalpion
84%
Scalpion
84%
Team Plasma Ombre Scalpion
84%
Scalpion
84%
Team Plasma Ombre Scalpion
84%
Scalpion
84%
Team Plasma Ombre Scalpion
84%
Scalpion
84%
Scalproie
84%
Shaofouine
84%
Shaofouine
84%
Team Plasma Ghetis Tutankafer
84%
Tutankafer
84%
Conseil 4 Anis Tutankafer
84%
Kungfouine
82%
Combattante Maki Kungfouine
82%
Tutafeh
82%
Tutafeh
82%
Kinésiste Aude Tutafeh
82%
Crabaraque
81%
Karatéka Brad Crabaraque
81%
Darumacho
81%
Darumacho
81%
Topdresseur Aurore Darumacho
81%
Loubard Pip Darumarond
81%
Pokéfan Ashley Darumarond
81%
Pkmn Ranger Baptiste Darumarond
81%
Darumarond
81%
Supporters Tam & Tim Darumarond
81%
Darumarond
81%
Danseur Jean-Paul Darumarond
81%
Petite Roya Darumarond
81%
Lampéroie
81%
Minotaupe
81%
Minotaupe
81%
Minotaupe
81%
Minotaupe
81%
Moyade
81%
Moyade
81%
Tic
81%
Tic
81%
Topdresseur Auffray Tic
81%
Route Victoire Topdresseur Yog Golemastoc
79%
Golemastoc
79%
Golemastoc
79%
Miamiasme
79%
Méanville Duo Sbire Plasma Miamiasme
79%
Pkmn Ranger Zia Miamiasme
79%
Sbire Plasma Miamiasme
79%
Sbire Plasma Miamiasme
79%
Sbire Plasma Miamiasme
79%
Ohmassacre
79%
Ohmassacre
79%
Tenniswoman Pascale Viskuse
79%
Pêcheur Kenzô Viskuse
79%
Viskuse
79%
Viskuse
79%
Fan de Moto Raphaël Arkéapti
77%
Port Yoneuve Fan de Moto Raphaël Arkéapti
77%
Topdresseur Maïté Arkéapti
77%
Topdresseur Shinji Arkéapti
77%
Pilote George Arkéapti
77%
Combattante Adriana Baggaïd
77%
Karatéka Eustache Baggaïd
77%
Sbire Plasma Baggaïd
77%
Baggaïd
77%
Sbire Plasma Baggaïd
77%
Karatéka Ryu Baggaïd
77%
Baggaïd
77%
Carabing
77%
Carabing
77%
Carapagos
77%
Carapagos
77%
Topdresseur Tim Carapagos
77%
Topdresseur Christianne Carapagos
77%
Pompom Girls Lia & Alia Chinchidou
77%
Chinchidou
77%
Route 6 Éleveuse Gladys Chinchidou
77%
Pkmn Ranger Emmanuelle Chinchidou
77%
Centre Commercial R9 Serveuse Madeleine Chinchidou
77%
Cliticlic
77%
Vénérable Claude Gueriaigle
77%
Limaspeed
77%
Champion Amana Mégapagos
77%
Mégapagos
77%
Pashmilla
77%
Pashmilla
77%
Pashmilla
77%
Smogo
77%
Smogo
77%
Smogo
77%
Champion Strykna Smogo
77%
Frégate Plasma Sbire Plasma Smogo
77%
Duo Sbire Plasma Smogo
77%
Smogo
77%
Sbire Plasma Smogo
77%
Aéroptéryx
75%
Aéropteryx
75%
Égouts de Volucité Duo Sbire Plasma Baggiguane
75%
Supporters Ala & Kais Baggiguane
75%
Baggiguane
75%
Danseur Hatem Baggiguane
75%
Volucité (surf) Loubard Ricky Baggiguane
75%
Baggiguane
75%
Baggiguane
75%
Loubard Bob Baggiguane
75%
Sbire Plasma Baggiguane
75%
Sbire Plasma Baggiguane
75%
Frégate Plasma Sbire Plasma Baggiguane
75%
Escargaume
75%
Scientifique Marissa Escargaume
75%
Frison
75%
Frison
75%
Miasmax
75%
Miasmax
75%
Miasmax
75%
Miasmax
75%
Sbire Plasma Miasmax
75%
Miasmax
75%
Ouvrier François Rototaupe
75%
Route 4 Éleveuse Joanie Rototaupe
75%
Randonneuse Haruko Rototaupe
75%
Route 16 Contrôleur Évrard Rototaupe
75%
Ouvrier Tibalt Rototaupe
75%
Ouvrier Orti Rototaupe
75%
Rototaupe
75%
Ouvrier Conner Rototaupe
75%
Montagnard Nicolas Rototaupe
75%
Randonneuse Négua Sorbébé
75%
Sorbouboul
75%
Gentleman Ernest Fermite
74%
Topdresseur Bo Fermite
74%
Scientifique Hervé Magnéti
74%
Dresseur Nikolaï Magnéti
74%
Wattouat
74%
Boulangère Amélia Aflamanoir
72%
Topdresseur Salomé Aflamanoir
72%
Randonneuse Mayoi Haydaim
72%
Lewsor
72%
Kinésiste Mario Lewsor
72%
Dresseur Nikolaï Magnéton
72%
Scientifique Otto Magnéton
72%
Team Plasma Nikolaï Magnéton
72%
Magnézone
72%
Neitram
72%
Arène d'Ondes-sur-Mer Loubard Brutus Tadmorv
72%
Scientifique Anaëlle Tadmorv
72%
Tadmorv
72%
Chemin Enfoui Scientifique Florent Tadmorv
72%
Sbire Plasma Tadmorv
72%
Vénérable Crystale Vaututrice
72%
Pêcheur Glaucos Aquali
70%
Élève Bret Évoli
70%
Mademoiselle Carine Lainergie
70%
Lainergie
70%
Canon Frémy Lainergie
70%
Lainergie
70%
Nageuse Ainara Mamanbo
70%
Pêcheur Seb Mamanbo
70%
Topdresseur Chantal Mamanbo
70%
Infirmier Dean Mamanbo
70%
Pyroli
70%
Pyronille
70%
Bois des Illusions (cascade) Vénérable Cottin Pyronille
70%
Smogogo
70%
Sbire Plasma Smogogo
70%
Grotte Cyclopéenne Sbire Plasma Smogogo
70%
Scientifique Christelle Statitik
70%
Route 20 (surf) Pkmn Ranger Abdel Vivaldaim
70%
Vivaldaim
70%
Élève Nawres Vivaldaim
70%
Scientifique Luc Vivaldaim
70%
Vivaldaim
70%
Vivaldaim
70%
Pkmn Ranger Daryl Voltali
70%
Chlorobule
68%
Doudouvet
68%
Jumelles Rim & Hela Doudouvet
68%
Tenniswoman Annette Doudouvet
68%
Grindur
68%
Kinésiste Vincent Mentali
68%
Mygavolt
68%
Mygavolt
68%
Mygavolt
68%
Gentleman Pedro Noctali
68%
Route 20 (est) Montagnard Jürgen Riolu
68%
Ouvrier Norbert Riolu
68%
Agent Dalek Riolu
68%
Randonneur Richard Riolu
68%
Combattante Chang Riolu
68%
Riolu
68%
Musicien Tancrède Maracachi
67%
Noacier
67%
Pkmn Ranger Iwan Pharamp
67%
Pharamp
67%
Baston SARL Employé Christian Caninos
65%
Agent Brian Caninos
65%
Caninos
65%
Pokéfan Ludo Caninos
65%
Élékid
65%
Arène de Méanville Canon Tesla Élékid
65%
Élékid
65%
Basketteur Parker Élékid
65%
Élékid
65%
Pont du Hameau Tenniswoman Europa Farfaduvet
65%
Topdresseur Paulin Farfaduvet
65%
Grotadmorv
65%
Grotadmorv
65%
Motard Havel Nosférapti
65%
Fragilady
63%
Tenniswoman Zilia Fragilady
63%
Fragilady
63%
Lucario
63%
Lucario
63%
Pkmn Ranger Ann Arcanin
61%
Arcanin
61%
Topdresseur Théa Arcanin
61%
Arcanin
61%
Élektek
61%
Élektek
61%
Pkmn Ranger Eddie Élektek
61%
Gaulet
61%
Gaulet
61%
Ouvrier Mathias Magby
61%
Pkmn Ranger Mylène Magby
61%
Basketteur Lonny Magby
61%
Magby
61%
Magmar
61%
Magmar
61%
Topdresseur Isaac Magmar
61%
Pkmn Ranger Charla Magmar
61%
Montagnard Avner Onix
61%
Montagnard Ratziel Onix
61%
Pkmn Ranger Jonah Onix
61%
Steelix
61%
Pkmn Ranger Carla Trompignon
61%
Élève Wael Trompignon
61%
Trompignon
61%
Trompignon
61%
Nosferalto
60%
Randonneur Fei Nosferalto
60%
Randonneuse Teri Nosferalto
60%
Nosferalto
60%
Sbire Plasma Nosferalto
60%
Sbire Plasma Nosferalto
60%
Nosferalto
60%
Nosferalto
60%
Nosferalto
60%
Nostenfer
60%
Pkmn Ranger Steeven Limonde
58%
Employé Didier Marill
58%
Marill
58%
Égouts de Volucité (surf) Nettoyeur Ivan Marill
58%
Désert Délassant Infirmière Pomodoro Mélo
58%
Maîtresse Sousou Mélo
58%
GAME FREAK Nishino Mélofée
58%
Pokéfan Augustin Mélofée
58%
Infirmier Nigel Mélodelfe
56%
Chlorobule
53%
Libégon
53%
Libégon
53%
Azumarill
51%
Loubards Rob & Pat Chlorobule
51%
Dimoret
51%
Dimoret
51%
Dimoret
51%
Galeking
51%
Galeking
51%
Topdresseur Flavien Vibraninf
51%
Pkmn Ranger Diana Vibraninf
51%
Vibraninf
51%
Wailord
49%
Wailord
49%
Chenal 21 Nageuse Aiko Wailord
49%
Absol
47%
Absol
47%
Arène de Port Yoneuve Ouvrier Nobuo Balbuto
47%
Balbuto
47%
Ouvrier Neal Balbuto
47%
Balbuto
47%
Kinésiste Gertrude Balbuto
47%
Clown Patrice Balbuto
47%
Clown Ian Balbuto
47%
Kinésiste Aristée Baudrive
47%
Démanta
47%
Farfuret
47%
Farfuret
47%
Montagnard Johnny Galékid
47%
Grodrive
47%
Grodrive
47%
Topdresseur Carina Grodrive
47%
Grodrive
47%
Lokhlass
47%
Sablaireau
47%
Randonneuse Ophélie Sablaireau
47%
Sablaireau
47%
Gamin Iban Sablaireau
47%
Staross
47%
Staross
47%
Route 22 Topdresseur Lucas Staross
47%
Vénérable Susie Staross
47%
Wailmer
47%
Galégon
46%
Kaorine
46%
Sabelette
46%
Randonneuse Clothilde Sabelette
46%
Pêcheur Émilio Stari
46%
Stari
46%
Baie Vaguelone Nageur Briand Babimanta
44%
Airmure
40%
Airmure
40%
Airmure
40%
Métang
40%
Kinésiste Titou Métang
40%
Psykokwak
39%
Petit Roméo Psykokwak
39%
Pêcheur Luigi Psykokwak
39%
Route 11 Éleveur Évelyne Altaria
37%
Coatox
37%
Karatéka Hayate Scarhino
37%
Grotte Littorale Combattante Louise Scarhino
37%
Scarhino
37%
Route 14 (cascade) Karatéka Armand Scarhino
37%
Scarhino
37%
Tarinor
37%
Tarinor
37%
Montagnard Denis Tarinor
37%
Tarinorme
37%
Tarinorme
37%
Pkmn Ranger Solange Branette
35%
Branette
35%
Loubards Pit & Paul Drascore
35%
Drascore
35%
Drascore
35%
Sbire Plasma Drascore
35%
Sbire Plasma Drascore
35%
Drascore
35%
Topdresseur Ezio Kaïmorse
35%
Nageur Henri Phogleur
35%
Rattatac
35%
Randonneur Boris Rattatac
35%
Rattatac
35%
Sbire Plasma Rattatac
35%
Montagnard Xavier Cochignon
33%
Mammochon
33%
Randonneur Odon Marcacrin
33%
Nageuse Marietta Obalie
33%
Randonneur Menmon Rapion
33%
Motard Michael Rapion
33%
Sbire Plasma Rapion
33%
Akwakwak
32%
Pêcheur Querelle Akwakwak
32%
Topdresseur Jemma Akwakwak
32%
Scarabrute
32%
Scarabrute
32%
Karatéka Julion Scarabrute
32%
Jumelles Anna & Léa Tournegrin
32%
Tournegrin
32%
Route 5 Boulangère Maïka Tournegrin
32%
Topdresseur Maiora Békipan
30%
Topdresseur Espérance Békipan
30%
Camérupt
30%
Camérupt
30%
Éleveur Spencer Camérupt
30%
Camérupt
30%
Randonneur Aymeric Chamallot
30%
Nageur Devon Goélise
30%
Goélise
30%
Petit Rami Héliatronc
30%
Peintre Alfonse Héliatronc
30%
Arène de Papeloa Topdresseur Jorian Musteflott
30%
Pkmn Ranger Rena Musteflott
30%
Employée Aurora Rozbouton
30%
Pkmn Ranger Sally Rozbouton
30%
Clown Jack Apitrini
28%
Apitrini
28%
Apitrini
28%
Maîtresse Léontide Insolourdo
28%
Soeur Parasol Tara Morphéo
28%
Soeur Parasol Marlène Morphéo
28%
Soeur Parasol Julie Morphéo
28%
Mustebouée
28%
Rosélia
25%
Mondaine Grâce Rosélia
25%
Pompom Girls Eri & Rika Rosélia
25%
Rosélia
25%
Nageuse Aduna Rémoraid
23%
Rémoraid
23%
Topdresseur Gaëlle Scorplane
23%
Pkmn Ranger Carole Scorplane
23%
Nageur Andoni Octillery
21%
Topdresseur Wilfried Saquedeneu
21%
Jumelles Rym & Rima Séviper
21%
Sbire Plasma Séviper
21%
Sbire Plasma Séviper
21%
Séviper
21%
Bouldeneu
18%
Route 14 Mondaine Léonore Lockpin
18%
Topdresseur Angèle Lockpin
18%
Mangriff
18%
Mangriff
18%
Topdresseur Florette Groret
16%
Groret
16%
Groret
16%
Spoink
16%
Gentleman Teucer Delcatty
11%
Topdresseur Miguel Delcatty
11%
Aucun quiz correspondant
Distribution des résultats
% des personnes avec chaque résultat
Percentile par nombre de réponses
Votre historique - résultats
Vous n’avez pas pris ce quiz